| 000 | 00493nam a2200205Ia 4500 | ||
|---|---|---|---|
| 003 | OSt | ||
| 005 | 20140312082005.0 | ||
| 008 | 140130s9999 xx 000 0 und d | ||
| 020 | _a0717278972 | ||
| 050 |
_aBJ 1631 _b.B447Bt 2005 |
||
| 100 | _aBerry, Joy | ||
| 245 |
_aA book about tattling / _cJoy Berry. |
||
| 260 |
_bScholastic, _c2005. _aNew York : |
||
| 300 |
_a30 p. : _bcol. ill. ; _c17 cm. |
||
| 440 | _v1 | ||
| 521 | _aG2 | ||
| 526 | _c300 | ||
| 942 |
_cBK _2lcc |
||
| 999 |
_c41983 _d41983 |
||